Motivation: Biological, psychological and environmental (Record no. 178871)

MARC details
000 -LEADER
fixed length control field 00420nam a2200157Ia 4500
008 - FIXED-LENGTH DATA ELEMENTS--GENERAL INFORMATION
fixed length control field 230917s9999||||xx |||||||||||||| ||und||
040 ## - CATALOGING SOURCE
-- 216770
Original cataloging agency VIVEKANANDA LIBRARY
041 ## - Language
-- English
082 ## - DDC NUMBER
Classification number 153.8 D357M(4)
100 ## - MAIN ENTRY--PERSONAL NAME
Personal name Deckers, Lambert
245 #0 - TITLE STATEMENT
Title Motivation: Biological, psychological and environmental
250 ## - EDITION STATEMENT
Edition statement 4th. ed.
260 ## - PUBLICATION, DISTRIBUTION, ETC. (IMPRINT)
Place of publication, distribution, etc Boston
Name of publisher, distributor, etc Pearson Education
Date of publication, distribution, etc 2014
300 ## - PHYSICAL DESCRIPTION
Pages xvii, 442 p.
942 ## - ADDED ENTRY ELEMENTS (KOHA)
Koha item type Books
Holdings
Withdrawn status Lost status Damaged status Not for loan Location (home branch) Sublocation or collection (holding branch) Date acquired Koha issues (times borrowed) Koha full call number Accession No. Koha date last seen Koha item type
        VIVEKANANDA LIBRARY VIVEKANANDA LIBRARY 26/05/2014 1 153.8 D357M(4) 341555 23/02/2026 Books
© Designed and Maintained by Vivekananda Library, MDU Rohtak